| 000 -LEADER |
| fixed length control field |
00261nam a22001097a 4500 |
| 008 - FIXED-LENGTH DATA ELEMENTS--GENERAL INFORMATION |
| fixed length control field |
180801b xxu||||| |||| 00| 0 eng d |
| 082 ## - DEWEY DECIMAL CLASSIFICATION NUMBER |
| Classification number |
813.52 |
| 245 ## - TITLE STATEMENT |
| Title |
And the Case of the Missing Kelp Seedi |
| Statement of responsibility, etc |
Fish,F |
| 260 ## - PUBLICATION, DISTRIBUTION, ETC. (IMPRINT) |
| Date of publication, distribution, etc |
1996 |
| 300 ## - PHYSICAL DESCRIPTION |
| Extent |
1 |
| Type of unit |
CD |
| 942 ## - ADDED ENTRY ELEMENTS (KOHA) |
| Source of classification or shelving scheme |
|
| Item type |
Mixed Materials |